000 00209 a2200097 4500
001 15763
100 _aBeckoff Samuel
245 _aPhysics Advance Test
260 _aNew York
_bARCO
_c
090 _c12319
_d12319
942 _aNUST-CAE
_cM
_c2580
999 _c250836
_d250836